000 00725nam a2200229Ia 4500
003 OSt
005 20240404153401.0
008 210716s2014 xx 000 0 und d
020 _a9788131518427
040 _cAIMIT LIBRARY
041 _aeng
082 _a658.84
_28
_bROSB
100 _aRosenbloom, Bert.
_9158658
245 _aMarketing channels:
_bmanagement view /
_cBy Bert Rosenbloom.
250 _a8th ed.
260 _aNew Delhi :
_bCengage Learning ,
_c2014.
300 _axxiii,660p. ;
_bPB
_c25.3 cm
650 _aMarketing channel systems
_9158659
650 _aManaging the marketing channel
_9158660
650 _aAdditional perspectives on marketing channels
_9158661
942 _2ddc
_cBK
_e8th
_k658.84 ROSB
999 _c209639
_d209639